000 00905 a2200229 4500
003 UA-OsUOA
005 20260325110814.0
008 260325b un ||||| |||| 00| 0 ukr d
020 _a0465087752
040 _aUA-OsUOA
_beng
_cUA-OsUOA
_dUA-OsUOA
041 _aeng
080 _a82-94
090 _a82-94
_bM46
100 _aMedvedev G.
_924633
245 _aThe Truth About Chernobyl
_cGrigori Medvedev
260 _bBasicBooks
_c1991
300 _a274 p.
650 _2UDC
_a82-94 Історія як літературний жанр. Історичні твори. Історіографія. Хроніки. Аннали, літописи. Мемуари. Спогади. Щоденники. Біографії. Автобіографії
_92061
942 _cBK
_2udc
955 _a0
999 _c580188
_d580188